Movie Alphabet Q - Statistics

General Stats
  • This quiz has been taken 33 times
    9 since last reset
  • The average score is 4 of 8
Answer Stats
Picture Answer % Correct
The Queen
89%
A Quiet Place
78%
Quantum of Solace
78%
The Quick and the Dead
44%
Quigley Down Under
33%
Quiz Show
33%
Quicksilver
22%
The Quest for Camelot
22%
No matching quizzes found
Score Distribution
Percent of People with Each Score
Percentile by Number Answered
Your Score History
You have not taken this quiz since the last reset